000 00329nam a22001337a 4500
008 181031b xxu||||| |||| 00| 0 eng d
020 _a020507362
041 _aeng
080 _a316
100 _a50
101 _aSOC
245 _aAssesment Of Childrens Intelelgence And Special Abilities
_cSattler.J.M
942 _2udc
_cBK
999 _c51358
_d51358